000
00287nam a2200121Ia 4500
008
190216s9999||||xx |||||||||||||| ||und||
100
_a
Lawrence D H
245
0
_a
Women In Love
260
_b
Penguin Books
_c
1967
300
_a
541p
650
_a
English Novel-English Novel
942
_c
BK
999
_c
12664
_d
12664